Erik ten Hag's Ajax - Statistics

General Stats
  • This quiz has been taken 27 times
  • The average score is 34 of 69
Answer Stats
Rank Player Position Nationality Matches Goals Assists % Correct
20 Frenkie de Jong Central Midfield 59 3 4
100%
5 André Onana Goalkeeper 145 0 0
96%
2 Daley Blind Centre-Back 171 10 11
96%
4 David Neres Right Winger 147 36 26
96%
1 Dušan Tadić Right Winger 194 92 91
96%
12 Hakim Ziyech Right Winger 100 35 50
96%
7 Lisandro Martínez Centre-Back 120 6 6
96%
17 Matthijs de Ligt Centre-Back 70 8 5
96%
3 Nicolás Tagliafico Left-Back 169 16 23
96%
6 Noussair Mazraoui Right-Back 137 10 9
96%
40 Siem de Jong Attacking Midfield 19 4 0
96%
15 Antony Right Winger 79 22 20
92%
29 Sergiño Dest Right-Back 38 2 6
92%
10 Edson Álvarez Defensive Midfield 103 9 3
88%
18 Lasse Schöne Defensive Midfield 67 9 9
84%
19 Sébastien Haller Centre-Forward 66 47 16
84%
8 Donny van de Beek Central Midfield 110 32 29
80%
27 Mohammed Kudus Right Winger 42 5 4
76%
9 Ryan Gravenberch Defensive Midfield 103 12 13
72%
26 Kasper Dolberg Centre-Forward 46 14 6
68%
31 Lassina Traoré Centre-Forward 31 12 12
68%
14 Davy Klaassen Central Midfield 90 27 9
64%
16 Jurrien Timber Right-Back 74 4 2
64%
37 Kenneth Taylor Central Midfield 22 2 5
64%
11 Klaas-Jan Huntelaar Centre-Forward 103 47 12
64%
33 Remko Pasveer Goalkeeper 28 0 0
64%
13 Perr Schuurs Centre-Back 92 3 4
60%
53 Amin Younes Left Winger 4 0 1
56%
25 Steven Berghuis Right Winger 46 12 14
56%
34 Maximilian Wöber Centre-Back 27 0 2
52%
30 Brian Brobbey Centre-Forward 32 13 3
48%
21 Joël Veltman Right-Back 57 1 1
48%
41 Răzvan Marin Defensive Midfield 17 0 2
48%
57 Vaclav Cerny Right Winger 3 0 0
48%
23 Zakaria Labyad Attacking Midfield 54 13 10
48%
22 Devyne Rensch Right-Back 56 4 4
44%
50 Kostas Lamprou Goalkeeper 6 0 0
44%
32 Maarten Stekelenburg Goalkeeper 29 0 0
44%
49 Lisandro Magallán Centre-Back 7 0 0
40%
38 Sean Klaiber Right-Back 22 0 3
40%
47 Daley Sinkgraven Left-Back 11 0 0
36%
28 Jurgen Ekkelenkamp Central Midfield 40 6 5
36%
44 Noa Lang Left Winger 14 4 1
36%
39 Danilo Centre-Forward 20 9 1
32%
55 Bruno Varela Goalkeeper 3 0 0
28%
63 Kristian Hlynsson Attacking Midfield 2 2 0
28%
43 Mohamed Daramy Left Winger 16 3 2
28%
24 Quincy Promes Left Winger 53 22 6
28%
46 Dani de Wit Attacking Midfield 14 0 0
24%
61 Jay Gorter Goalkeeper 2 0 0
24%
36 Rasmus Kristensen Right-Back 27 1 6
24%
35 Carel Eiting Central Midfield 27 0 7
20%
60 Naci Ünüvar Left Winger 3 1 2
20%
45 Oussama Idrissi Left Winger 14 0 0
20%
58 Victor Jensen Attacking Midfield 3 0 0
20%
52 Kjell Scherpen Goalkeeper 4 0 0
16%
54 Mateo Cassierra Centre-Forward 4 1 0
16%
56 Amourricho Van Axel-Dongen Left Winger 3 0 1
12%
67 Dennis Johnsen Left Winger 1 0 0
12%
42 Justin Kluivert Attacking Midfield 16 5 3
12%
59 Kaj Sierhuis Centre-Forward 3 0 0
12%
48 Ryan Babel Left Winger 9 1 1
12%
64 Liam van Gelderen Centre-Back 2 0 0
8%
51 Youri Regeer Central Midfield 5 1 0
8%
68 Anass Salah-Eddine Left-Back 1 0 0
4%
66 Azor Matusiwa Defensive Midfield 1 0 0
4%
62 Mitchel Bakker Left-Back 2 0 0
4%
69 Mohamed Ihattaren Attacking Midfield 1 0 0
4%
65 Sontje Hansen Right Winger 2 0 0
4%
No matching quizzes found
Score Distribution
Percent of People with Each Score
Percentile by Number Answered
Your Score History
You have not taken this quiz